| 000 | 00645nam a2200205Ia 4500 | ||
|---|---|---|---|
| 003 | GCL | ||
| 008 | 140319s9999 xx 000 0 ara d | ||
| 040 |
_aGCL / _cGCL |
||
| 082 | 0 | 4 |
_a210.92 _bم م |
| 100 | 1 | _aمحمد عزت اسماعيل الطهطاوى | |
| 245 | 1 | 0 |
_aمن العلماء الرواد فى رحاب الازهر / _cمحمد عزت اسماعيل الطهطاوى |
| 260 |
_a[S.N] : _bمكتبة وهبة ، _c1990 |
||
| 300 | _a221 ص | ||
| 490 | _a | ||
| 650 | 0 | 4 | _aالتراجم |
| 650 | 0 | 4 | _aالاسلام - تراجم |
| 650 | 0 | 4 | _aالازهر (جامع) |
| 650 | 0 | 4 | _aمحمد البهى |
| 942 |
_2ddc _cBK |
||
| 999 |
_c37238 _d37238 |
||